30 jeux vidéo à compléter - 2017 - Statistiques

Statistiques générales
  • Ce quiz a été pris 93 fois
  • Le résultat moyen est 18 sur 30
Statistiques - réponses
Hint Réponse % Correct
The Legend of Zelda: ... of the Wild Breath
85%
Mario Kart 8 ... Deluxe
85%
... Motorsport 7 Forza
85%
La Terre du Milieu : L'Ombre de la ... Guerre
83%
Super Mario ... Odyssey
82%
...: Battlegrounds PUBG
80%
For ... Honor
77%
Call of Duty: ... WWII
77%
... Knight Hollow
74%
Little ... Nightmares
74%
South Park : L'... du Destin Annale
73%
... + The Lapins Crétins: Kingdom Battle Mario
73%
Horizon: ... Dawn Zero
71%
...head Cup
70%
Ark: ... Evolved Survival
68%
... 7 Tekken
68%
Assassin's Creed ... Origins
65%
NieR: ... Automata
59%
Doki Doki ... Club! Literature
56%
... 5 Persona
56%
What ... of Edith Finch Remains
48%
Sonic ... Mania
44%
The End is ... Nigh
36%
... ARMS
33%
Steel Division: ... 44 Normandy
33%
... in the Woods Night
32%
...: Senua's Sacrifice Hellblade
30%
... Zero Yakuza
29%
... Pass Snake
17%
Lone ... Echo
8%
Aucun quiz correspondant
Distribution des résultats
% des personnes avec chaque résultat
Percentile par nombre de réponses
Votre historique - résultats
Vous n’avez pas pris ce quiz